| 000 | 00717cam a2200169 4500 | ||
|---|---|---|---|
| 001 | WB3526-30 | ||
| 008 | 000000n1999 000 0 eng u | ||
| 035 | _a(Sirsi) u102431 | ||
| 245 | _aFarmers offered new rules to moe footpaths. | ||
| 260 | _c1999 | ||
| 490 |
_aSunday Telegraph _v4 July 1999, 2(1) |
||
| 520 | _aThe environment minister is considering setting up new local access forums, which will enable farmers and other landowners to move the route of footpaths. It is hoped these proposals will lead to greater understanding between farmers, landowners and ramblers when there is dispute over the route of a footpath. | ||
| 650 | _aRIGHTS OF WAY | ||
| 650 | _aFOOTPATHS | ||
| 690 | _aLAND | ||
| 942 | _n0 | ||
| 999 |
_c61445 _d61445 |
||